000 00962nam a2200277Ia 4500
003 OSt
005 20221005103055.0
006 a|||||r|||| 00| 0
007 ta
008 221004b |||||||| |||| 00| 0 hin d
020 _a9788180316494 (hbk)
_cIndian Rupees 325
024 _a33855
037 _bGift, 05/10/2017,
_cTextual
040 _aCRL
_cCRL
_bhin
041 _2hin
_ahin
082 _aO152,8N62x, Q2
100 _aमालवीय, यश, ले.
245 0 _aसर्वर डाउन है
246 _aSarvar ḍāun hai
260 _aइलाहाबाद
_bलोकभारती प्रकाशन भारत
_c2012
300 _a336पृ0
_ccm.
650 _a हिन्दी नाटक
650 _aहिन्दी हास्य व्यग्ंय
942 _hO152,8N62x, Q2
_cTEXL
_2cc
999 _c1009364
_d1009364